[Event "EWICC 2019"]
[Site "Antalya"]
[Date "2019.04.20"]
[Round "9.30"]
[White "Yildiz Kadioglu, Betul Cemre"]
[Black "Batsiashvili, Nino"]
[Result "1-0"]
[WhiteElo "2281"]
[BlackElo "2453"]
[Annotator "ChessBase"]
[PlyCount "135"]
[EventDate "2019.04.11"]
[EventType "swiss"]
[EventCountry "TUR"]
[SourceTitle "playchess.com"]
[Source "ChessBase"]
[SourceQuality "1"]

1. Nf3 f5 2. d4 Nf6 3. g3 g6 4. Bg2 Bg7 5. c4 O-O 6. O-O d6 7. Nc3 c6 8. Qc2 Na6 9. a3 Qe8 10. b4 e5 11. dxe5 dxe5 12. e4 f4 13. Bb2 Nh5 14. Ne2 Nc7 15. h3 fxg3 16. fxg3 Qe7 17. Qd2 Be6 18. Rac1 a5 19. bxa5 Na6 20. c5 Rae8 21. Qd6 Bb3 22. Kh2 Rf6 23. Qd3 Ba2 24. Qe3 Rff8 25. Rc2 Bf7 26. Nc1 Qc7 27. Qc3 Nf6 28. Ng5 h6 29. Nxf7 Qxf7 30. Nd3 Qe6 31. Qc4 Qxc4 32. Rxc4 Nd7 33. Rfc1 g5 34. Kg1 h5 35. Nb4 Ra8 36. Nxa6 Rxa6 37. Bc3 Rf7 38. Bd2 Bf6 39. R4c2 Ra7 40. Bf1 Kh7 41. Bc4 Re7 42. Be2 Kg6 43. Bb4 g4 44. hxg4 h4 45. gxh4 Bxh4 46. Rd1 Nf6 47. Rd6 Kg7 48. Bd3 Bg5 49. a6 bxa6 50. Rxc6 a5 51. Bd2 Bxd2 52. Rxd2 Rac7 53. Rxc7 Rxc7 54. Rc2 Kh6 55. c6 Nxg4 56. Rc5 Kg5 57. Be2 Kf4 58. Bxg4 Kxg4 59. Rc4 Kf4 60. Kf2 Kg5 61. Ke3 Kf6 62. Rc5 Ke6 63. Kd3 Ke7 64. Kc4 Kd6 65. Kb5 Rh7 66. c7 Rxc7 67. Rxc7 Kxc7 68. Kxa5 1-0

[Event "EWICC 2019"]
[Site "Antalya"]
[Date "2019.04.20"]
[Round "9.31"]
[White "Melia, Salome"]
[Black "Mamedjarova, Zeinab"]
[Result "1/2-1/2"]
[WhiteElo "2393"]
[BlackElo "2280"]
[Annotator "NA"]
[PlyCount "100"]
[EventDate "2019.04.11"]
[EventType "swiss"]
[EventCountry "TUR"]
[SourceTitle "playchess.com"]
[Source "ChessBase"]
[SourceQuality "1"]

1. e4 e5 2. Nf3 Nf6 3. Nxe5 d6 4. Nf3 Nxe4 5. d4 d5 6. Bd3 Bd6 7. O-O O-O 8. c4 c6 9. Nc3 Nxc3 10. bxc3 dxc4 11. Bxc4 Bg4 12. h3 Bh5 13. g4 Bg6 14. Ne5 Nd7 15. Nxg6 hxg6 16. Qf3 Nb6 17. Bb3 a5 18. a4 Nd5 19. Kg2 Bc7 20. c4 Qd6 21. Rh1 Nf4+ 22. Bxf4 Qxf4 23. Qxf4 Bxf4 24. h4 Rfd8 25. Rad1 Rd7 26. Kf3 Bc7 27. Rhe1 Rad8 28. d5 cxd5 29. Rxd5 Rxd5 30. cxd5 Bd6 31. Bc4 Kf8 32. Bb5 Be7 33. Rd1 Bd6 34. g5 Rc8 35. Re1 Bb4 36. Re2 Bd6 37. Kg4 Be7 38. f4 Rd8 39. Rd2 Bb4 40. Rd3 Bc5 41. Rd1 Bd6 42. Kf3 Rc8 43. Re1 Rc3+ 44. Re3 Rxe3+ 45. Kxe3 Bc5+ 46. Kf3 Ke7 47. Kg4 Bf2 48. h5 gxh5+ 49. Kxh5 f6 50. gxf6+ gxf6 1/2-1/2

[Event "EWICC 2019"]
[Site "Antalya"]
[Date "2019.04.20"]
[Round "9.32"]
[White "Arakhamia-Grant, Ketevan"]
[Black "Styazhkina, Anna"]
[Result "1-0"]
[WhiteElo "2360"]
[BlackElo "2274"]
[Annotator "NA"]
[PlyCount "63"]
[EventDate "2019.04.11"]
[EventType "swiss"]
[EventCountry "TUR"]
[SourceTitle "playchess.com"]
[Source "ChessBase"]
[SourceQuality "1"]

1. e4 e5 2. Nf3 Nc6 3. Bb5 g6 4. O-O Bg7 5. c3 Nge7 6. d4 exd4 7. cxd4 a6 8. Ba4 b5 9. Bc2 d5 10. exd5 Nxd5 11. Bg5 Qd6 12. Nbd2 O-O 13. Ne4 Qd7 14. Bb3 f6 15. Ne5 fxe5 16. dxe5 Ncb4 17. a3 c6 18. axb4 Bxe5 19. Rc1 Kh8 20. Rxc6 Nxb4 21. Rf6 Bxf6 22. Bxf6+ Rxf6 23. Nxf6 Qxd1 24. Rxd1 Bf5 25. g4 Kg7 26. Rd6 Rf8 27. g5 h6 28. h4 hxg5 29. hxg5 Rc8 30. Rb6 Rc1+ 31. Kh2 Kf8 32. Rb7 1-0

[Event "EWICC 2019"]
[Site "Antalya"]
[Date "2019.04.20"]
[Round "9.33"]
[White "Heinemann, Josefine"]
[Black "Khukhashvili, Sopiko"]
[Result "0-1"]
[WhiteElo "2257"]
[BlackElo "2342"]
[Annotator "NA"]
[PlyCount "87"]
[EventDate "2019.04.11"]
[EventType "swiss"]
[EventCountry "TUR"]
[SourceTitle "playchess.com"]
[Source "ChessBase"]
[SourceQuality "1"]

1. e4 c5 2. Nf3 Nc6 3. Bb5 e5 4. O-O Bd6 5. c3 a6 6. Ba4 b5 7. Bc2 Nge7 8. a4 b4 9. Re1 Qc7 10. d3 O-O 11. Nbd2 a5 12. Nc4 Ba6 13. Ne3 Nd8 14. Bb3 Ne6 15. Nd5 Nxd5 16. Bxd5 Rab8 17. c4 Bb7 18. Bxb7 Rxb7 19. b3 Be7 20. g3 Bf6 21. Kg2 Rb6 22. Ra2 Qc6 23. Rae2 d6 24. Be3 Rb7 25. Qd2 g6 26. h4 h5 27. Rf1 Bg7 28. Ng5 Nd8 29. f4 f6 30. Nh3 f5 31. Kh2 Nf7 32. Kg1 fxe4 33. dxe4 Qxe4 34. Bxc5 Qf5 35. fxe5 Qxh3 36. exd6 Rd7 37. Rf3 Kh7 38. Ref2 Qe6 39. Qc2 Qe5 40. Rf5 gxf5 41. Rxf5 Qxg3+ 42. Kh1 Qxh4+ 43. Kg2 Qg4+ 44. Kh1 0-1

[Event "EWICC 2019"]
[Site "Antalya"]
[Date "2019.04.20"]
[Round "9.34"]
[White "Chernyak, Viktoria"]
[Black "Solozhenkina, Elizaveta"]
[Result "1/2-1/2"]
[WhiteElo "2252"]
[BlackElo "2330"]
[Annotator "NA"]
[PlyCount "101"]
[EventDate "2019.04.11"]
[EventType "swiss"]
[EventCountry "TUR"]
[SourceTitle "playchess.com"]
[Source "ChessBase"]
[SourceQuality "1"]

1. c4 e5 2. g3 Nf6 3. Bg2 d5 4. cxd5 Nxd5 5. Nf3 Nc6 6. O-O Nb6 7. Nc3 Be7 8. Rb1 a5 9. d3 O-O 10. Be3 Be6 11. a3 f5 12. Nd2 Kh8 13. Bxb6 cxb6 14. Nf3 Bf6 15. Qa4 Rc8 16. Rbc1 Rf7 17. Rfe1 Rd7 18. Qb5 Rd4 19. Na4 Na7 20. Qxb6 Qxb6 21. Nxb6 Rxc1 22. Rxc1 Rd8 23. h4 h6 24. Ne1 Nb5 25. e3 f4 26. Rc5 Nd6 27. Rxa5 fxe3 28. fxe3 Rf8 29. Ra8 Bd8 30. Nd5 Kg8 31. Nc3 Nf5 32. Bxb7 Nxe3 33. Nf3 Bg4 34. Kf2 Nc2 35. Kg1 Kh7 36. Be4+ g6 37. Kh2 Ne3 38. Nd5 Nxd5 39. Bxd5 Bxf3 40. Bxf3 Rxf3 41. Rxd8 Rf2+ 42. Kh3 Rxb2 43. Rd7+ Kg8 44. Kg4 Rb3 45. Kf3 Rxa3 46. Ke3 Ra1 47. Re7 Re1+ 48. Kf3 Kf8 49. Ra7 Rd1 50. Ke4 Re1+ 51. Kf3 1/2-1/2

[Event "EWICC 2019"]
[Site "Antalya"]
[Date "2019.04.20"]
[Round "9.35"]
[White "Sargsyan, Anna M."]
[Black "Kusenkova, Natallia"]
[Result "0-1"]
[WhiteElo "2327"]
[BlackElo "2211"]
[Annotator "NA"]
[PlyCount "58"]
[EventDate "2019.04.11"]
[EventType "swiss"]
[EventCountry "TUR"]
[SourceTitle "playchess.com"]
[Source "ChessBase"]
[SourceQuality "1"]

1. d4 d5 2. c4 e6 3. Nf3 Nf6 4. Nc3 Be7 5. Bg5 h6 6. Bxf6 Bxf6 7. e3 O-O 8. Qc2 c6 9. h4 g6 10. g4 Bg7 11. O-O-O Nd7 12. cxd5 exd5 13. Bd3 Re8 14. Rdg1 Nf8 15. Ne2 Bd7 16. Kb1 Rc8 17. Nf4 c5 18. Qd2 c4 19. Bc2 b5 20. Rh2 Rb8 21. Ne5 b4 22. g5 h5 23. Qd1 b3 24. axb3 cxb3 25. Bxb3 Rxe5 26. dxe5 Bf5+ 27. Ka1 Qa5+ 28. Ba2 Rxb2 29. Qxd5 Rxa2+ 0-1

[Event "EWICC 2019"]
[Site "Antalya"]
[Date "2019.04.20"]
[Round "9.36"]
[White "Ghukasyan, Siranush"]
[Black "Beydullayeva, Govhar"]
[Result "1/2-1/2"]
[WhiteElo "2201"]
[BlackElo "2316"]
[Annotator "NA"]
[PlyCount "207"]
[EventDate "2019.04.11"]
[EventType "swiss"]
[EventCountry "TUR"]
[SourceTitle "playchess.com"]
[Source "ChessBase"]
[SourceQuality "1"]

1. e4 e5 2. Nf3 Nc6 3. Bb5 a6 4. Ba4 Nf6 5. d3 d6 6. c4 g6 7. O-O Bg7 8. d4 exd4 9. Nxd4 Bd7 10. Nxc6 Bxc6 11. Bxc6+ bxc6 12. Nc3 O-O 13. Bg5 Qb8 14. Qd2 Qb4 15. Rac1 a5 16. b3 Rfe8 17. f3 Nd7 18. Na4 Ne5 19. Rfd1 Qxd2 20. Rxd2 c5 21. Nc3 f6 22. Bf4 Nc6 23. Nb5 Re7 24. a4 Rae8 25. Kf1 h5 26. h4 Kh7 27. Rdd1 Bh6 28. Bxh6 Kxh6 29. Rb1 Nd8 30. Na7 Rf7 31. Nb5 Ne6 32. Rb2 Ref8 33. Rbd2 Re7 34. Re1 Rfe8 35. Kf2 Ng7 36. Rde2 Rb8 37. Rb1 Ne8 38. Rd2 Kh7 39. Rbd1 Kg8 40. Rd3 Kf7 41. Na7 Ra8 42. Nb5 Ng7 43. Re1 Rae8 44. Rde3 Ke6 45. Nc3 Kd7 46. Nd5 Rf7 47. Nf4 g5 48. hxg5 fxg5 49. Ne2 Ne6 50. Rh1 h4 51. Rd3 Ng7 52. Ke3 Ne6 53. Kf2 Ke7 54. Ke3 Rb8 55. Rh3 Rbf8 56. Rd1 Rb8 57. Rd3 Rg8 58. Rd1 Nf4 59. Nxf4 gxf4+ 60. Kf2 Rfg7 61. Rh2 Rg5 62. Rd2 Rh8 63. Rd1 Kf6 64. Rh3 Ke6 65. Rdh1 Rgh5 66. Rd1 c6 67. Rc1 Ke5 68. Rd1 Rb8 69. Rd3 Rg8 70. Rd1 Rhg5 71. Rh2 Rh5 72. Rd2 Rb8 73. Rd3 Rh7 74. Rh1 Rg8 75. Rd2 Rg3 76. Rd3 Rhg7 77. Rh2 h3 78. gxh3 Rg1 79. h4 Rb1 80. Rd2 Rg3 81. h5 Rxb3 82. h6 Rbxf3+ 83. Ke2 Rh3 84. Ke1 Rb3 85. Kf1 Rb1+ 86. Kg2 Rxh2+ 87. Kxh2 Rb7 88. Rg2 Kf6 89. Rg4 Rh7 90. Rxf4+ Kg5 91. Rf5+ Kg6 92. Rf8 Rxh6+ 93. Kg3 Rh1 94. Rd8 Rc1 95. Rxd6+ Kg5 96. Rxc6 Rxc4 97. e5 Kf5 98. e6 Kf6 99. Kf3 Rxa4 100. Rxc5 Kxe6 101. Ke3 Kd6 102. Rh5 Kc6 103. Kd3 Kb6 104. Rh6+ 1/2-1/2

[Event "EWICC 2019"]
[Site "Antalya"]
[Date "2019.04.20"]
[Round "9.37"]
[White "Garcia Martin, Marta"]
[Black "Petrova, Irina"]
[Result "1-0"]
[WhiteElo "2315"]
[BlackElo "2164"]
[Annotator "NA"]
[PlyCount "67"]
[EventDate "2019.04.11"]
[EventType "swiss"]
[EventCountry "TUR"]
[SourceTitle "playchess.com"]
[Source "ChessBase"]
[SourceQuality "1"]

1. e4 d6 2. d4 Nf6 3. Nc3 g6 4. Be3 a6 5. h3 Bg7 6. f4 O-O 7. Qf3 c6 8. Bd3 b5 9. a3 Bb7 10. Nge2 Nbd7 11. e5 Nd5 12. Nxd5 cxd5 13. h4 dxe5 14. fxe5 f6 15. e6 Ne5 16. dxe5 fxe5 17. Qg4 e4 18. h5 exd3 19. hxg6 dxe2 20. Qh5 h6 21. Bxh6 Rf1+ 22. Kxe2 Rxh1 23. Rxh1 Qc7 24. Bxg7 Qxc2+ 25. Ke1 Qc1+ 26. Kf2 Qd2+ 27. Kg3 Qd3+ 28. Kh2 Kxg7 29. Rf1 Qxf1 30. Qh7+ Kf6 31. Qf7+ Ke5 32. Qxf1 Rh8+ 33. Kg1 Kxe6 34. Qf7+ 1-0

[Event "EWICC 2019"]
[Site "Antalya"]
[Date "2019.04.20"]
[Round "9.38"]
[White "Tomilova, Elena"]
[Black "Zubova, Mariya"]
[Result "1-0"]
[WhiteElo "2307"]
[BlackElo "2149"]
[Annotator "NA"]
[PlyCount "105"]
[EventDate "2019.04.11"]
[EventType "swiss"]
[EventCountry "TUR"]
[SourceTitle "playchess.com"]
[Source "ChessBase"]
[SourceQuality "1"]

1. c4 g6 2. Nc3 Bg7 3. g3 c5 4. Bg2 Nc6 5. a3 e6 6. Rb1 Nge7 7. b4 cxb4 8. axb4 d5 9. b5 Ne5 10. cxd5 exd5 11. d4 Nc4 12. e3 O-O 13. Nge2 b6 14. O-O Bb7 15. Qb3 Qc7 16. Rd1 Rfd8 17. Ba3 Nxa3 18. Qxa3 a5 19. Rdc1 Qd6 20. Qxd6 Rxd6 21. h4 h6 22. Rb2 Rc8 23. Rbc2 Kf8 24. Na4 Rxc2 25. Rxc2 Ke8 26. Rc7 Bc8 27. Nec3 Kd8 28. Ra7 Bf8 29. Kf1 Bg7 30. Nxb6 Rxb6 31. Rxe7 Kxe7 32. Nxd5+ Kd8 33. Nxb6 Bd7 34. Nxd7 Kxd7 35. Ke2 Kc7 36. Bd5 f6 37. Bf7 g5 38. h5 a4 39. g4 a3 40. Kd3 Bf8 41. Bc4 Bb4 42. Ke4 Be1 43. f3 Bd2 44. d5 Bc1 45. Kf5 Bxe3 46. Kxf6 Kd6 47. Kg6 Kc5 48. Ba2 Kxb5 49. Kxh6 Bf4 50. Kg6 Kb4 51. h6 Kc3 52. h7 Be5 53. d6 1-0

[Event "EWICC 2019"]
[Site "Antalya"]
[Date "2019.04.20"]
[Round "9.39"]
[White "Garifullina, Leya"]
[Black "Calzetta Ruiz, Monica"]
[Result "1/2-1/2"]
[WhiteElo "2085"]
[BlackElo "2283"]
[Annotator "NA"]
[PlyCount "40"]
[EventDate "2019.04.11"]
[EventType "swiss"]
[EventCountry "TUR"]
[SourceTitle "playchess.com"]
[Source "ChessBase"]
[SourceQuality "1"]

1. e4 c5 2. Nf3 d6 3. d4 cxd4 4. Nxd4 Nf6 5. Nc3 g6 6. Be2 Bg7 7. Be3 O-O 8. Qd2 Nc6 9. O-O-O Nxd4 10. Bxd4 Be6 11. f4 Qa5 12. a3 b5 13. Bxf6 Bxf6 14. Nd5 Qxd2+ 15. Rxd2 Bxd5 16. Rxd5 a6 17. c3 Rfc8 18. Kc2 Rab8 19. Rhd1 h5 20. g3 Rb6 1/2-1/2

[Event "EWICC 2019"]
[Site "Antalya"]
[Date "2019.04.20"]
[Round "9.40"]
[White "Soyunlu, Narmin"]
[Black "Buksa, Nataliya"]
[Result "0-1"]
[WhiteElo "2064"]
[BlackElo "2407"]
[Annotator "NA"]
[PlyCount "58"]
[EventDate "2019.04.11"]
[EventType "swiss"]
[EventCountry "TUR"]
[SourceTitle "playchess.com"]
[Source "ChessBase"]
[SourceQuality "1"]

1. d4 Nf6 2. c4 e6 3. Nc3 Bb4 4. Nf3 b6 5. Bg5 h6 6. Bh4 g5 7. Bg3 Ne4 8. Qc2 Bb7 9. e3 d6 10. Qa4+ Nc6 11. Rc1 Qd7 12. Qc2 Ne7 13. Nd2 Bxc3 14. bxc3 Nxg3 15. hxg3 O-O-O 16. a4 Nc6 17. Nb3 a5 18. c5 dxc5 19. Bb5 Qe7 20. dxc5 Ne5 21. O-O h5 22. cxb6 h4 23. Nxa5 hxg3 24. Nxb7 f5 25. fxg3 Ng4 26. Nd6+ Rxd6 27. Ba6+ Kb8 28. bxc7+ Kxc7 29. Rxf5 exf5 0-1

[Event "EWICC 2019"]
[Site "Antalya"]
[Date "2019.04.20"]
[Round "9.41"]
[White "Vega Gutierrez, Sabrina"]
[Black "Toma, Katarzyna"]
[Result "1-0"]
[WhiteElo "2391"]
[BlackElo "2211"]
[Annotator "NA"]
[PlyCount "149"]
[EventDate "2019.04.11"]
[EventType "swiss"]
[EventCountry "TUR"]
[SourceTitle "playchess.com"]
[Source "ChessBase"]
[SourceQuality "1"]

1. Nf3 Nf6 2. c4 g6 3. Nc3 d6 4. d4 Nbd7 5. e4 e5 6. d5 Nc5 7. Qc2 a5 8. h3 Nh5 9. Bg5 Be7 10. Be3 b6 11. g4 Nf4 12. Bxf4 exf4 13. Nd4 O-O 14. O-O-O Bd7 15. f3 Bf6 16. h4 Bxd4 17. Rxd4 Qf6 18. Rd1 a4 19. a3 Rab8 20. Qh2 Nb3+ 21. Kb1 Nd4 22. Qf2 Nb3 23. g5 Qg7 24. Bh3 Nc5 25. Bxd7 Nxd7 26. Nb5 Ne5 27. h5 Nxc4 28. Rc1 Ne5 29. h6 Qh8 30. Rxc7 Rfd8 31. Qe2 Nd7 32. Qd2 Qe5 33. Na7 Qxg5 34. Nc6 Rbc8 35. Qc3 Ne5 36. Rxc8 Rxc8 37. Ne7+ Qxe7 38. Qxc8+ Qf8 39. Qh3 Nd3 40. Rh2 Qd8 41. Rc2 Nc5 42. Qg4 f6 43. Qxf4 Kf7 44. Qg4 Qe8 45. Qh3 Kf8 46. Rc4 b5 47. Rc2 Kf7 48. Ka2 Kf8 49. Qf1 Qb8 50. Qe1 Kf7 51. Qa5 g5 52. f4 Nxe4 53. Qe1 f5 54. fxg5 Kg6 55. Qb4 Qb7 56. Qd4 Qe7 57. Rc8 Qf7 58. Rc1 Nxg5 59. Rg1 Qf6 60. Qd3 Kxh6 61. Qxb5 f4 62. Qxa4 f3 63. Qh4+ Kg6 64. Qe4+ Kh6 65. Qe3 f2 66. Rf1 Qf5 67. Rxf2 Qxd5+ 68. b3 Kg7 69. Qc3+ Kg6 70. Qf6+ Kh5 71. a4 Kg4 72. Qf4+ Kh5 73. Qf5 Qxf5 74. Rxf5 Kg4 75. Rxg5+ 1-0

[Event "EWICC 2019"]
[Site "Antalya"]
[Date "2019.04.20"]
[Round "9.42"]
[White "Radeva, Viktoria"]
[Black "Injac, Teodora"]
[Result "1/2-1/2"]
[WhiteElo "2192"]
[BlackElo "2310"]
[Annotator "NA"]
[PlyCount "160"]
[EventDate "2019.04.11"]
[EventType "swiss"]
[EventCountry "TUR"]
[SourceTitle "playchess.com"]
[Source "ChessBase"]
[SourceQuality "1"]

1. e4 c5 2. Nf3 d6 3. d4 cxd4 4. Nxd4 Nf6 5. Nc3 a6 6. a4 g6 7. Be2 Bg7 8. O-O O-O 9. Be3 Nc6 10. h3 Bd7 11. Nb3 Na5 12. Nxa5 Qxa5 13. Qd2 Rac8 14. Bd3 Rfe8 15. Rfd1 Be6 16. Ne2 Qxd2 17. Rxd2 Bc4 18. Bxc4 Rxc4 19. f3 Rec8 20. c3 Nd7 21. Nc1 Nc5 22. Bxc5 R4xc5 23. Nb3 Rc4 24. Na5 R4c7 25. Nb3 h5 26. Kf1 b5 27. axb5 axb5 28. Ra5 Rb7 29. Rc2 b4 30. c4 Rbc7 31. Nd2 b3 32. Nxb3 Rxc4 33. Rxc4 Rxc4 34. Ra8+ Kh7 35. Ra7 Bf6 36. Na5 Rc1+ 37. Ke2 Rc2+ 38. Kf1 Rc1+ 39. Ke2 Rc2+ 40. Kf1 h4 41. b4 Kg7 42. b5 Bd4 43. Rxe7 Rf2+ 44. Ke1 Rxg2 45. Nc4 Rg3 46. Nxd6 Rxf3 47. Ke2 Re3+ 48. Kf1 Rxh3 49. Rxf7+ Kg8 50. Rd7 Rg3 51. Nf5 Rg1+ 52. Ke2 gxf5 53. Rxd4 h3 54. b6 Rb1 55. b7 Rxb7 56. Rd1 Re7 57. Rh1 Rxe4+ 58. Kf2 Rh4 59. Kg3 Rg4+ 60. Kf3 Kg7 61. Rxh3 Kf6 62. Rh6+ Ke5 63. Ra6 Rb4 64. Ra3 Rh4 65. Kg3 Rg4+ 66. Kf3 Rb4 67. Ra5+ Kf6 68. Ra8 Rb3+ 69. Kf4 Rb4+ 70. Kf3 Kg6 71. Rg8+ Kf7 72. Ra8 Re4 73. Ra6 Re6 74. Rxe6 Kxe6 75. Kf4 Kf6 76. Kf3 Kg5 77. Kg3 f4+ 78. Kf3 Kf5 79. Kf2 Ke4 80. Ke2 Ke5 1/2-1/2

[Event "EWICC 2019"]
[Site "Antalya"]
[Date "2019.04.20"]
[Round "9.43"]
[White "Sieber, Fiona"]
[Black "Motycakova, Monika"]
[Result "1-0"]
[WhiteElo "2310"]
[BlackElo "2174"]
[Annotator "NA"]
[PlyCount "87"]
[EventDate "2019.04.11"]
[EventType "swiss"]
[EventCountry "TUR"]
[SourceTitle "playchess.com"]
[Source "ChessBase"]
[SourceQuality "1"]

1. e4 e5 2. Nf3 Nc6 3. Bb5 a6 4. Ba4 Nf6 5. O-O Be7 6. Re1 b5 7. Bb3 d6 8. c3 Na5 9. Bc2 c5 10. d4 Qc7 11. Nbd2 cxd4 12. cxd4 Bg4 13. h3 Bh5 14. d5 O-O 15. Bd3 Nb7 16. Nb3 Rfc8 17. Bd2 Qd7 18. Qe2 Bd8 19. Bg5 Nxd5 20. exd5 Bxf3 21. Qxf3 Bxg5 22. Bf5 Qc7 23. Bxc8 Rxc8 24. Qf5 Qd8 25. a4 b4 26. Re2 g6 27. Qd3 a5 28. Rc2 Bf4 29. Re1 f5 30. Rc6 e4 31. Qc4 Rxc6 32. Qxc6 Qe7 33. Nxa5 Nxa5 34. Qa8+ Kg7 35. Qxa5 Bd2 36. Re2 e3 37. Qb6 Qe5 38. fxe3 Qxb2 39. Qd4+ Qxd4 40. exd4 Bc3 41. Re7+ Kh6 42. Rb7 Kg5 43. Kf1 Kf4 44. a5 1-0

[Event "EWICC 2019"]
[Site "Antalya"]
[Date "2019.04.20"]
[Round "9.44"]
[White "Gokbulut, Julia"]
[Black "Protopopova, Anastasiya"]
[Result "1/2-1/2"]
[WhiteElo "2021"]
[BlackElo "2308"]
[Annotator "NA"]
[PlyCount "137"]
[EventDate "2019.04.11"]
[EventType "swiss"]
[EventCountry "TUR"]
[SourceTitle "playchess.com"]
[Source "ChessBase"]
[SourceQuality "1"]

1. d4 Nf6 2. c4 e6 3. Nc3 d5 4. cxd5 exd5 5. Bg5 Be7 6. e3 c6 7. Bd3 O-O 8. Qc2 h6 9. Bf4 Nh5 10. Bxb8 Rxb8 11. Nf3 Bd6 12. h3 Re8 13. O-O-O Qf6 14. Ne1 g6 15. g4 Ng7 16. Kb1 Bd7 17. Ng2 Qf3 18. Rdg1 Rbc8 19. Ne1 Qf6 20. h4 c5 21. g5 hxg5 22. hxg5 Qe6 23. dxc5 Bxc5 24. Rh4 b5 25. Rgh1 Kf8 26. Qb3 Bc6 27. Rh8+ Ke7 28. Rxe8+ Nxe8 29. Nxb5 d4 30. Qxe6+ Kxe6 31. Rh7 dxe3 32. Bc4+ Bd5 33. Bxd5+ Kxd5 34. fxe3 Bxe3 35. Nc2 Bxg5 36. Rxf7 a6 37. Nc3+ Ke6 38. Rb7 Bd8 39. Ra7 a5 40. Ra6+ Kf7 41. Ne3 Rc5 42. Ra7+ Kf8 43. Ra8 Ke7 44. Ned5+ Kd7 45. Kc2 g5 46. Kd3 g4 47. Kd4 Rc6 48. Ne4 Nc7 49. Nxc7 Bxc7 50. Rg8 Rc2 51. Rg7+ Kc6 52. Rxg4 Rxb2 53. Rg6+ Kb7 54. Nc5+ Kc8 55. Rg8+ Bd8 56. a4 Rd2+ 57. Kc4 Rd6 58. Ne4 Rd7 59. Kc5 Kc7 60. Kb5 Rd5+ 61. Kc4 Rd1 62. Rg7+ Kc6 63. Rg6+ Kc7 64. Nc3 Rc1 65. Rg7+ Kc6 66. Rg6+ Kb7 67. Kb3 Re1 68. Rg7+ Re7 69. Rxe7+ 1/2-1/2

[Event "EWICC 2019"]
[Site "Antalya"]
[Date "2019.04.20"]
[Round "9.45"]
[White "Worek, Joanna"]
[Black "Trippold, Denise"]
[Result "1-0"]
[WhiteElo "2299"]
[BlackElo "2158"]
[Annotator "NA"]
[PlyCount "87"]
[EventDate "2019.04.11"]
[EventType "swiss"]
[EventCountry "TUR"]
[SourceTitle "playchess.com"]
[Source "ChessBase"]
[SourceQuality "1"]

1. e4 e6 2. d4 d5 3. e5 c5 4. c3 Nc6 5. Nf3 Bd7 6. Be2 f6 7. O-O fxe5 8. Nxe5 Nxe5 9. dxe5 Qc7 10. f4 Ne7 11. Bd3 O-O-O 12. Nd2 Nc6 13. Nf3 Be7 14. Qe2 Rdf8 15. Be3 h6 16. b4 g5 17. b5 Nd8 18. c4 gxf4 19. Bd2 h5 20. a4 h4 21. h3 Be8 22. a5 Qd7 23. Rab1 Bh5 24. b6 a6 25. cxd5 exd5 26. Bxa6 c4 27. Bb5 Bc5+ 28. Kh1 Qe6 29. a6 bxa6 30. Bxa6+ Kb8 31. Rb5 Be3 32. Bxe3 fxe3 33. Qxe3 Bxf3 34. Rxf3 Rxf3 35. Qxf3 Qxe5 36. Rxd5 Qa1+ 37. Rd1 Qxa6 38. Qf4+ Kb7 39. Qc7+ Ka8 40. Qg7 Re8 41. Ra1 Re1+ 42. Rxe1 Qxb6 43. Qc3 Qc6 44. Rc1 1-0

[Event "EWICC 2019"]
[Site "Antalya"]
[Date "2019.04.20"]
[Round "9.46"]
[White "Maltsevskaya, Aleksandra"]
[Black "De Seroux, Camille"]
[Result "1-0"]
[WhiteElo "2296"]
[BlackElo "2151"]
[Annotator "NA"]
[PlyCount "123"]
[EventDate "2019.04.11"]
[EventType "swiss"]
[EventCountry "TUR"]
[SourceTitle "playchess.com"]
[Source "ChessBase"]
[SourceQuality "1"]

1. d4 Nf6 2. Nf3 e6 3. g3 b5 4. Bg2 Bb7 5. O-O d5 6. Ne5 c5 7. a4 b4 8. Be3 cxd4 9. Bxd4 Nc6 10. c3 bxc3 11. Nxc3 Nxd4 12. Qxd4 Qb6 13. Qxb6 axb6 14. Nb5 Rc8 15. Rfc1 Bc5 16. a5 O-O 17. Nc4 bxa5 18. Nxa5 Ba6 19. Nc3 Ng4 20. e3 Bb4 21. Nb3 Bc4 22. Nd4 Ne5 23. Ra4 Nd3 24. Rb1 Ra8 25. Bf1 Bxc3 26. Rxa8 Rxa8 27. bxc3 g6 28. h4 Ra2 29. Bxd3 Bxd3 30. Rb7 Ra1+ 31. Kh2 Rf1 32. Kg2 Rc1 33. Rc7 e5 34. Nc6 f6 35. f3 Rc2+ 36. Kg1 Rc1+ 37. Kf2 Kf8 38. Nb4 Bc4 39. e4 Rd1 40. exd5 Bxd5 41. c4 Be6 42. c5 Rc1 43. c6 Ke8 44. Rxh7 Kd8 45. Rh8+ Kc7 46. Rf8 Bc4 47. Ra8 Rb1 48. Ra7+ Kc8 49. Rb7 Rb2+ 50. Ke1 f5 51. Rb6 Re2+ 52. Kd1 Rg2 53. c7 Rxg3 54. Rc6 Bb3+ 55. Ke2 e4 56. fxe4 fxe4 57. Na6 Rg1 58. Kf2 Ra1 59. Rb6 Ra2+ 60. Ke3 Rc2 61. Rb8+ Kd7 62. Rd8+ 1-0

[Event "EWICC 2019"]
[Site "Antalya"]
[Date "2019.04.20"]
[Round "9.47"]
[White "Mikadze, Miranda"]
[Black "Kocyigit, Buse Naz"]
[Result "1-0"]
[WhiteElo "2266"]
[BlackElo "1932"]
[Annotator "NA"]
[PlyCount "105"]
[EventDate "2019.04.11"]
[EventType "swiss"]
[EventCountry "TUR"]
[SourceTitle "playchess.com"]
[Source "ChessBase"]
[SourceQuality "1"]

1. e4 c5 2. c3 d5 3. exd5 Qxd5 4. d4 Nc6 5. Nf3 Bg4 6. dxc5 Qxd1+ 7. Kxd1 O-O-O+ 8. Nbd2 Nf6 9. Ke1 e6 10. b4 Nd5 11. Bb2 Be7 12. a3 Bf6 13. Rc1 Bxf3 14. Nxf3 e5 15. Nd2 e4 16. Rc2 Rhe8 17. Nc4 Kb8 18. g3 Ne5 19. Nxe5 Bxe5 20. Bb5 Rf8 21. Ke2 f5 22. c4 Bxb2 23. cxd5 Bxa3 24. Rb1 a5 25. bxa5 Rxd5 26. Bc6 Rxc5 27. Rxb7+ Kc8 28. Rxc5 Bxc5 29. Rxg7 Rf6 30. Bb7+ Kb8 31. Rxh7 Rd6 32. a6 Rd3 33. Bc6 Ra3 34. Rb7+ Kc8 35. Bd7+ Kd8 36. Bxf5 Rxa6 37. Bxe4 Ra2+ 38. Kd3 Bxf2 39. Bd5 Ra5 40. Ke4 Bg1 41. h4 Bf2 42. Rb3 Ra7 43. Kf3 Bc5 44. g4 Ra3 45. Rxa3 Bxa3 46. Ke4 Ke7 47. Kf5 Kf8 48. Kg6 Bb2 49. Kh7 Bc3 50. g5 Be1 51. h5 Bd2 52. g6 Bc3 53. h6 1-0

[Event "EWICC 2019"]
[Site "Antalya"]
[Date "2019.04.20"]
[Round "9.48"]
[White "Sedina, Elena"]
[Black "Duran, Esma Doga"]
[Result "1-0"]
[WhiteElo "2271"]
[BlackElo "2131"]
[Annotator "NA"]
[PlyCount "63"]
[EventDate "2019.04.11"]
[EventType "swiss"]
[EventCountry "TUR"]
[SourceTitle "playchess.com"]
[Source "ChessBase"]
[SourceQuality "1"]

1. e4 c5 2. Nf3 e6 3. c3 Nf6 4. e5 Nd5 5. Bc4 Nb6 6. Bb3 d6 7. d4 cxd4 8. cxd4 Nc6 9. exd6 Bxd6 10. O-O O-O 11. Re1 Nd5 12. Nc3 b6 13. Qd3 Ncb4 14. Qe4 Ba6 15. Bg5 Qb8 16. Rad1 Bb7 17. Qg4 Nf4 18. Ne5 Bxe5 19. dxe5 Nxg2 20. Bh6 g6 21. Qxb4 Nxe1 22. Rxe1 Re8 23. Ba4 Qc7 24. Bxe8 Rxe8 25. Qf4 Qe7 26. Bg5 Qf8 27. Ne4 Bxe4 28. Qxe4 Rc8 29. Rd1 h6 30. Bf6 Qe8 31. Qb7 g5 32. Rd8 1-0

[Event "EWICC 2019"]
[Site "Antalya"]
[Date "2019.04.20"]
[Round "9.49"]
[White "Rakhmangulova, Anastasiya"]
[Black "Narva, Triin"]
[Result "1-0"]
[WhiteElo "2255"]
[BlackElo "2129"]
[Annotator "NA"]
[PlyCount "139"]
[EventDate "2019.04.11"]
[EventType "swiss"]
[EventCountry "TUR"]
[SourceTitle "playchess.com"]
[Source "ChessBase"]
[SourceQuality "1"]

1. e4 c5 2. Nf3 Nc6 3. d4 cxd4 4. Nxd4 e6 5. c4 Nf6 6. Nc3 Bb4 7. Nxc6 dxc6 8. Qxd8+ Kxd8 9. e5 Ne4 10. a3 Bxc3+ 11. bxc3 b6 12. Be3 Kc7 13. a4 a5 14. f3 Nc5 15. Be2 Rd8 16. O-O Ba6 17. f4 Nd3 18. Rab1 c5 19. Rb5 Bxb5 20. cxb5 Rd7 21. Rb1 Rad8 22. Bf3 f6 23. Be4 fxe5 24. fxe5 Rf7 25. Bxh7 Nxe5 26. Be4 Nc4 27. Bg5 Rdd7 28. Re1 Nd2 29. Bg6 Rf8 30. h4 Rd6 31. Be7 Rfd8 32. Bxd6+ Rxd6 33. Bc2 Kd7 34. Re3 Ke7 35. Bd3 Kf6 36. g4 e5 37. Kf2 c4 38. Ke2 Nb3 39. g5+ Ke7 40. Rxe5+ Kd7 41. Bxc4 Nc5 42. Rxc5 bxc5 43. h5 Ke7 44. Ke3 Rd1 45. Ke4 Rh1 46. Be2 Re1 47. Kf3 Kd6 48. Bd3 Rh1 49. Kg4 Ke5 50. b6 Rg1+ 51. Kf3 Kd6 52. Kf4 Kc6 53. h6 gxh6 54. gxh6 Kxb6 55. Be4 Rg8 56. h7 Rd8 57. c4 Rh8 58. Ke5 Re8+ 59. Kf5 Kc7 60. Bd5 Rh8 61. Bg8 Kd7 62. Ke5 Kc6 63. Ke6 Kc7 64. Kd5 Kb6 65. Kd6 Ka7 66. Kxc5 Ka6 67. Kd6 Kb7 68. c5 Kc8 69. Kc6 Kb8 70. Kd7 1-0